Leadership : strategy and tactics

Bibliographic Details
Main Author: Walker, George
Other Authors: Title
Format: Book
Published: New York : Willford Press , 2022
Series:Knowledge series
Subjects:

MARC

LEADER 00000cam a2200000 7i4500
001 0000089422
005 20230125114947.0
008 220510
020 |a 9781641725291 
041 0 |a English 
090 0 0 |a 658.409   |b WAL 
100 1 |a Walker, George 
245 1 0 |a Leadership :   |b strategy and tactics   |c George Walker 
260 |a New York :   |b Willford Press ,   |c 2022 
300 |a 242 p. :   |b ill., col. ;   |c 25.2 cm. 
490 0 |a Knowledge series 
541 |c Purchased on 2021   |f 2114-21 ARI   |h RM391.05 
650 0 |a Leadership 
650 0 |a Strategy planning 
700 0 |a Title 
999 |a 0001681522   |b Book   |c REFERENCE   |e Perbadanan Perpustakaan Awam Johor